Normal view
MARC view
Entry Topical Term
001 - CONTROL NUMBER
- control field: 12836
003 - CONTROL NUMBER IDENTIFIER
- control field: BD-RjUL
005 - DATE AND TIME OF LATEST TRANSACTION
- control field: 20240505101944.0
008 - FIXED-LENGTH DATA ELEMENTS
- fixed length control field: 240505|| aca||aabn | a|a d
040 ## - CATALOGING SOURCE
- Original cataloging agency: BD-RjUL
- Transcribing agency: BD-RjUL
150 ## - HEADING--TOPICAL TERM
- Topical term or geographic name entry element: Flower
- Form subdivision: Variability
670 ## - SOURCE DATA FOUND
- Source citation: Work cat.: (BD-RjUL)83645: G. M. Shahiquzzaman, 12835, Variability and Association of Quantitative Characters, Chromosome Identification, and Inheritance of Flower Colour in Lathyrus Sativus L. /, 1996